000 00206 a2200097 4500
001 53147
100 _aRaucher H
245 _aMaynard's House
260 _aLondon
_bHamlyn Books
_c
090 _c33434
_d33434
942 _aNUST-CAE
_cM
_c26041
999 _c288220
_d288220